Music Quiz

Random Music or Lyrics Quiz

'I Will Survive' Lyrics Quiz Stats

Quiz Updated Jun 25, 2015

Challenge
Share
Tweet
Embed
Score 0/270 Timer 08:00
9 Plays Today
% Correct
[Chorus 2x]
99.9%
I
99.8%
I
99.8%
I
99.8%
I
99.8%
I
99.8%
I
99.8%
I
99.8%
I
99.8%
I
99.8%
I
99.8%
I.
99.8%
I
99.8%
I
99.8%
I
99.8%
I
99.8%
I
99.8%
I
99.8%
I
99.8%
I
99.8%
I
99.8%
I
99.8%
you
96.1%
you
96.1%
you
96.1%
you
96.1%
you
96.1%
you
96.1%
you
96.1%
you
96.1%
you
96.1%
you
96.1%
Oh
94.5%
Oh
94.5%
oh
94.5%
survive
94%
survive.
94%
survive.
94%
survive.
94%
will
93.9%
will
93.4%
will
93.4%
will
93.4%
to
92.5%
to
92.5%
to
92.5%
to
92.5%
to
92.5%
to
92.5%
to
92.5%
to
92.5%
to
92.5%
to
92.5%
to
92.5%
my
92.5%
my
92.5%
my
92.5%
my
92.5%
my
92.5%
my
92.5%
the
91.4%
the
91.4%
the
91.4%
the
91.4%
no,
90%
And
89.5%
and
89.5%
and
89.5%
and
89.5%
and
89.5%
and
89.5%
and
89.5%
and
89.5%
and
89.5%
was
89%
was
89%
me
88.6%
me
88.6%
me
88.6%
me
88.6%
me
88.6%
me
88.6%
with
87.6%
with
87.6%
with
87.6%
out
87.5%
live
86.4%
live
86.4%
how
86.2%
how
86.2%
% Correct
how
86.2%
your
85.2%
your
85.2%
petrified
84.2%
by
84.1%
on
83.3%
Go
83.1%
go
83.1%
afraid
82.9%
side
82.8%
not
82.6%
not
82.6%
not
82.6%
not
82.6%
in
82.3%
in
82.3%
in
82.3%
first
81.6%
so
81.6%
so
81.6%
so
81.6%
so
81.6%
now
81%
now
81%
now
81%
now
81%
At
81%
without
80.9%
think
80.3%
think
80.3%
could
80.2%
that
79.1%
that
79.1%
that
79.1%
you're
77.9%
you're
77.9%
door
76.9%
know
76.7%
know
76.7%
back
76.6%
back
76.6%
be
75.9%
be
75.9%
love
75.6%
love
75.6%
love
75.6%
walk
75.5%
did
74.8%
But
73.9%
But
73.8%
never
73.5%
thinking
73.3%
thinking
73.3%
just
73.1%
just
73.1%
just
73.1%
just
73.1%
just
73.1%
wrong
71.8%
get
70.4%
have
70.4%
have
70.4%
from
70.4%
anymore
69.4%
then
69.3%
up
68%
up
68%
strong
67.6%
had
67.1%
for
67%
for
67%
for
67%
many
66.9%
many
66.9%
look
66.9%
welcome
66.8%
nights
66.8%
nights
66.8%
along
66.5%
face
66.5%
space
66.4%
around
65.2%
should
65.2%
should
65.2%
one
64.8%
one
64.8%
outer
64.5%
all
64.2%
all
64.2%
all
64.2%
% Correct
all
64.2%
turn
63.8%
spent
63.7%
spent
63.7%
as
63.4%
as
63.4%
upon
62.3%
learned
61.6%
grew
61.5%
long
61.2%
key
61.1%
who
60.9%
lock
60%
If
59.9%
'cause
59.7%
give
59.6%
stupid
59.4%
life
58.8%
changed
58.8%
down
57.9%
Kept
57.2%
kept
57.2%
got
56.5%
got
56.5%
here
56.5%
die
56.2%
made
55.5%
I'd
55.3%
I'd
55.3%
leave
55.2%
I've
54.4%
I've
54.4%
bother
53.7%
lay
53.6%
you'd
53.5%
I'll
52.2%
walked
51.9%
find
51.9%
alive
51.9%
second
51.1%
crumble
49.9%
sad
49.4%
hurt
49.1%
tried
48.9%
stay
48.8%
known
48.2%
had
48%
I'm
46.1%
I'm
46.1%
Weren't
45%
of
41.6%
see
41.5%
goodbye
40.9%
Hey,
39.2%
hey!
39.2%
It
39.1%
myself
32.8%
cry
32.7%
still
32.6%
heart
31.1%
sorry
30.3%
head
29.9%
little
29.7%
feeling
29.6%
new
29.1%
high
29%
hold
29%
loving
27.4%
loving
27.4%
somebody
27.3%
broken
26.8%
someone
26.8%
fall
26.8%
who's
26.3%
took
26%
person
25.4%
used
24.9%
free
24.9%
apart
24.8%
saving
24.4%
pieces
23.6%
strength
23.4%
expect
22.1%
mend
20.7%
trying
19.4%
like
18.8%
chained
18.1%
hard
17.9%
felt
16.2%
dropping
12.4%

You're not logged in!

Compare scores with friends on all Sporcle quizzes.
Sign Up with Email
OR
Log In

You Might Also Like...

Show Comments

Extras

Top Quizzes Today


Score Distribution

Your Account Isn't Verified!

In order to create a playlist on Sporcle, you need to verify the email address you used during registration. Go to your Sporcle Settings to finish the process.